Les Iles Marshall pour les touristes... - Statistiques

Statistiques générales
  • Ce quiz a été pris 7 fois
  • Le résultat moyen est 7 sur 20
Statistiques - réponses
Question Indice Réponses % Correct
Quelle est la langue officielle ? Anglais
83%
Dans la capitale y-a-t-il un décalage horaire avec Paris ? (oui/non) Oui
83%
La conduite se fait à droite ou à gauche ? Droite
67%
Avez-vous besoin d'un visa ? (oui/non) Non
67%
La vitesse est limitée à {30} km/h
50%
Le suffixe internet est mh
50%
3/ Pour les numisates M Monnaie
50%
Achats à faire 1/ Clichés P Photos
50%
2/ Pour les philatélistes T Timbres
50%
Combien d'heures (environ) mettrez-vous pour vous y rendre ? (en chiffres) 35
33%
Quelles sont les principaux lieux touristiques ? B Atoll de {Bikini}
33%
A quelle région appartient ce pays M Micronésie
33%
Comment se nomme la principale compagnie aérienne locale UA United Airlines
33%
Quelle est la monnaie ? Dollar américain
17%
La religion majoritaire est P Protestantisme
17%
A Atoll {Arno}
0%
B Ile de {Bokolap}
0%
A Musée {Atele}
0%
Le principal aéroport est N Tarawa
0%
Quel est le climat local ? TM Tropical marin
0%
Aucun quiz correspondant
Distribution des résultats
% des personnes avec chaque résultat
Percentile par nombre de réponses
Votre historique - résultats
Vous n’avez pas pris ce quiz